Matrix Analysis of Structures / (Record no. 1590)

MARC details
000 -LEADER
fixed length control field 00632nac a22001811u 4500
008 - FIXED-LENGTH DATA ELEMENTS--GENERAL INFORMATION
fixed length control field 110420t2001 -us|||||r|||| 001 0 eng d
010 ## - LIBRARY OF CONGRESS CONTROL NUMBER
LC control number 92044169
020 ## - INTERNATIONAL STANDARD BOOK NUMBER
International Standard Book Number 1577661435
020 ## - INTERNATIONAL STANDARD BOOK NUMBER
International Standard Book Number 9781577661436
082 00 - DEWEY DECIMAL CLASSIFICATION NUMBER
Classification number 624.171
Item number SEN
Edition number 22
100 ## - MAIN ENTRY--PERSONAL NAME
Personal name Sennett, Robert E.
9 (RLIN) 23202
245 10 - TITLE STATEMENT
Title Matrix Analysis of Structures /
Statement of responsibility, etc Robert E. Sennett.
260 ## - PUBLICATION, DISTRIBUTION, ETC. (IMPRINT)
Place of publication, distribution, etc Long Grove,IL :
Name of publisher, distributor, etc Waveland press , 2001
Date of publication, distribution, etc 2001
300 ## - PHYSICAL DESCRIPTION
Extent xii, 228 p. :
Other physical details ill. ;
Dimensions 25 cm.
504 ## - BIBLIOGRAPHY, ETC. NOTE
Bibliography, etc Includes bibliographical references (p. 216) and index.
650 #0 - SUBJECT ADDED ENTRY--TOPICAL TERM
Topical term or geographic name as entry element Structural analysis (Engineering)
General subdivision Matrix methods.
9 (RLIN) 23203
942 ## - ADDED ENTRY ELEMENTS (KOHA)
Item type Book - Borrowing
Call number prefix 624.171 SEN
Source of classification or shelving scheme Dewey Decimal Classification
Holdings
Withdrawn status Item status Source of classification or shelving scheme Damaged status Not for loan Vendor Home library Current library Shelving location Date acquired Source of acquisition Cost, normal purchase price Total Checkouts Total Renewals Full call number Barcode Checked out Date last seen Date last borrowed Cost, replacement price Koha item type
    Dewey Decimal Classification       Central Library Central Library First floor 06/11/2007   290.00 6 7 624.171 SEN 000002759 06/03/2012 05/02/2012 05/02/2012 362.50 Book - Borrowing
    Dewey Decimal Classification     Baccah Central Library Central Library First floor 10/05/2009   290.00 5 10 624.171 SEN 000016110 14/03/2020 12/02/2020 12/02/2020 362.50 Book - Borrowing
    Dewey Decimal Classification     Baccah Central Library Central Library First floor 10/05/2009   290.00 1   624.171 SEN 000016112   15/07/2025 28/04/2011 362.50 NB - Book (Non borrowing)
    Dewey Decimal Classification     Baccah Central Library Central Library First floor 20/04/2011   290.00 1 7 624.171 SEN 000023298   15/07/2025 03/05/2011 362.50 Book - Borrowing